|
|
|
|
| LEADER |
00865nam a2200229 4500 |
| 001 |
c000352522 |
| 003 |
CARM |
| 005 |
00000000000000.0 |
| 008 |
700923s1970 ilua b 00010 eng |
| 019 |
1 |
|
|a 102657
|5 LACONCORD2021
|
| 035 |
|
|
|a (OCoLC)111929
|5 LACONCORD2021
|
| 050 |
0 |
0 |
|a HF5438
|b .B263
|
| 100 |
1 |
|
|a Barnhill, J. Allison,
|d 1938-
|e comp.
|
| 245 |
0 |
|
|a Sales management;
|b contemporary perspectives.
|c Edited by J. Allison Barnhill.
|
| 260 |
|
|
|a [Glenview, Ill.]
|b Scott, Foresman
|c [1970]
|
| 300 |
|
|
|a xiv, 492 p.
|b illus.
|c 23 cm.
|
| 504 |
|
|
|a Includes bibliographies.
|
| 650 |
|
0 |
|a Sales management.
|
| 852 |
8 |
|
|b CARM
|h A1:AM05B0
|i B09236
|p 0425238
|f BK
|
| 082 |
0 |
4 |
|a 658.8/1
|
| 999 |
f |
f |
|i 309670ae-bd31-580a-9af4-4d46c980ad54
|s 9aa83ad2-a874-573f-9574-e7b9d2a54dd7
|
| 952 |
f |
f |
|p Can circulate
|a CAVAL
|b CAVAL
|c CAVAL
|d CARM 1 Store
|e B09236
|f A1:AM05B0
|h Other scheme
|i book
|m 0425238
|